00403nam a2200145Ia 4500008004100000010001400041040002600055041002600081082001700107100001600124245004400140260002000184300002200204600003100226090201s9999 xx 000 0 und d aKPL-12074 bइंग्रजी aइंग्रजी a26502b12074 agric allen amarshal from whiskay smithcgric allen c2004bace books a112bमोठा amarshal from whiskay smith